000 00543nam a2200193Ia 4500
999 _c30174
_d30174
003 OSt
005 20210112134216.0
008 190216s9999||||xx |||||||||||||| ||und||
020 _a9788126405275
040 _coclc
082 _a894.81
_bSPAD/T
100 _aPadmanabhan, T
_97032
245 0 _aT. Padmanabhante Kathakal Sampoornam /
_cT Padmanabhan
250 _a6th Ed.
260 _bDc Books,
_c2014.
_aKottayam:
300 _a1022p
650 _aMalayalam
942 _cBK
_2ddc
_h894.81
_iSPAD/T
_k894.81
_mSPAD/T